[Event "Buenos Aires Grafica Yael"]
[Site "Buenos Aires"]
[Date "2017.08.10"]
[Round "6"]
[White "Acosta, Pablo Ismael"]
[Black "Rodriguez Vila, Andres"]
[Result "1/2-1/2"]
[WhiteElo "2415"]
[BlackElo "2483"]
[PlyCount "78"]
[EventDate "2017.08.05"]
[EventType "tourn"]
[EventRounds "9"]
[EventCountry "ARG"]
[EventCategory "7"]
[SourceTitle "CBM 180 Extra"]
[Source "ChessBase"]
[SourceDate "2017.10.06"]
[SourceVersion "1"]
[SourceVersionDate "2017.10.06"]
[SourceQuality "1"]

1. Nf3 e6 2. b3 c5 3. Bb2 d5 4. e3 Nf6 5. Bb5+ Bd7 6. Be2 Bd6 7. c4 dxc4 8.
bxc4 Nc6 9. O-O O-O 10. Nc3 Re8 11. Nb5 Bb8 12. Ba3 Qa5 13. Qb3 e5 14. d3 e4
15. dxe4 Nxe4 16. Bb2 Ne5 17. Rfd1 Bc6 18. Nxe5 Bxe5 19. Bxe5 Rxe5 20. Qb2 Re6
21. f3 a6 22. fxe4 axb5 23. cxb5 Bxe4 24. Bc4 Rg6 25. Rd2 Rd8 26. Rf2 Rxg2+ 27.
Rxg2 Bxg2 28. Qxg2 Qc3 29. Bxf7+ Kxf7 30. Qxb7+ Kg8 31. Rf1 Qxe3+ 32. Kh1 h6
33. a4 Qb3 34. a5 Rd1 35. Qa8+ Kh7 36. Qe4+ Kg8 37. Qe8+ Kh7 38. Qe4+ Kg8 39.
Qe8+ Kh7 1/2-1/2

[Event "Buenos Aires Grafica Yael"]
[Site "Buenos Aires"]
[Date "2017.08.11"]
[Round "7"]
[White "Rodriguez Vila, Andres"]
[Black "Iermito, Sebastian"]
[Result "1/2-1/2"]
[WhiteElo "2483"]
[BlackElo "2501"]
[PlyCount "91"]
[EventDate "2017.08.05"]
[EventType "tourn"]
[EventRounds "9"]
[EventCountry "ARG"]
[EventCategory "7"]
[SourceTitle "CBM 180 Extra"]
[Source "ChessBase"]
[SourceDate "2017.10.06"]
[SourceVersion "1"]
[SourceVersionDate "2017.10.06"]
[SourceQuality "1"]

1. e4 c5 2. Nc3 Nc6 3. f4 g6 4. Nf3 Bg7 5. Bc4 e6 6. f5 Nge7 7. fxe6 fxe6 8. d3
d5 9. Bb3 b5 10. O-O c4 11. dxc4 dxc4 12. Qxd8+ Kxd8 13. Rd1+ Bd7 14. Nxb5 cxb3
15. axb3 Ne5 16. Ra6 N7c6 17. Nxe5 Nxe5 18. Be3 Kc8 19. Nd6+ Kc7 20. Bxa7 Nc6
21. Bb6+ Kb8 22. Rxa8+ Kxa8 23. c3 Rf8 24. Bc7 Na7 25. Ra1 Rb8 26. Bxb8 Kxb8
27. Rf1 Bh6 28. Rf7 Bc6 29. b4 Bc1 30. c4 Bxb2 31. b5 Be5 32. bxc6 Bxd6 33.
Rb7+ Kc8 34. Rxh7 Nxc6 35. Rg7 Ne5 36. g4 Kd8 37. h3 Bf8 38. Rb7 Nxc4 39. Kf2
Nd6 40. Rb8+ Ke7 41. Kf3 g5 42. e5 Nf7 43. Ke4 Bg7 44. Rb7+ Kf8 45. Rb6 Ke7 46.
Rb7+ 1/2-1/2

[Event "Buenos Aires Grafica Yael"]
[Site "Buenos Aires"]
[Date "2017.08.12"]
[Round "8"]
[White "Menna Barreto, Felipe Kubiaki"]
[Black "Rodriguez Vila, Andres"]
[Result "0-1"]
[WhiteElo "2293"]
[BlackElo "2483"]
[PlyCount "76"]
[EventDate "2017.08.05"]
[EventType "tourn"]
[EventRounds "9"]
[EventCountry "ARG"]
[EventCategory "7"]
[SourceTitle "CBM 180 Extra"]
[Source "ChessBase"]
[SourceDate "2017.10.06"]
[SourceVersion "1"]
[SourceVersionDate "2017.10.06"]
[SourceQuality "1"]

1. e4 c5 2. Nf3 Nc6 3. g3 g6 4. Bg2 Bg7 5. O-O e5 6. c3 Nge7 7. d3 O-O 8. Nbd2
d6 9. a3 h6 10. b4 Be6 11. Bb2 Rc8 12. Re1 b5 13. Nb3 Qb6 14. Bc1 cxb4 15. axb4
f5 16. exf5 gxf5 17. Nfd4 Nxd4 18. cxd4 Nd5 19. dxe5 Nc3 20. Qc2 Na4 21. Qd1
Rc3 22. Rb1 dxe5 23. Be3 Qd8 24. d4 f4 25. Bxf4 Bxb3 26. Rxb3 exf4 27. Rxc3
Nxc3 28. Qb3+ Rf7 29. Bc6 Qxd4 30. Be8 Qd5 31. Bxf7+ Kxf7 32. Qc2 f3 33. Re3
Ne2+ 34. Kh1 Nd4 35. Qc7+ Kg6 36. h3 Qa2 37. Rxf3 Qb1+ 38. Kg2 Qe4 0-1

[Event "Mercosur Cup 21st"]
[Site "Buenos Aires"]
[Date "2017.08.14"]
[Round "1"]
[White "Rodriguez Vila, Andres"]
[Black "Sosa, Tomas1"]
[Result "0-1"]
[WhiteElo "2483"]
[BlackElo "2463"]
[PlyCount "54"]
[EventDate "2017.08.14"]
[EventType "tourn"]
[EventRounds "9"]
[EventCountry "ARG"]
[EventCategory "7"]
[SourceTitle "CBM 180 Extra"]
[Source "ChessBase"]
[SourceDate "2017.10.06"]
[SourceVersion "1"]
[SourceVersionDate "2017.10.06"]
[SourceQuality "1"]

1. e4 e5 2. Nf3 Nc6 3. Bc4 Nf6 4. d3 Bc5 5. O-O O-O 6. Bg5 h6 7. Bxf6 Qxf6 8.
Nc3 Ne7 9. d4 Bxd4 10. Nxd4 exd4 11. Nb5 c5 12. f4 d5 13. Nc7 dxc4 14. Nxa8 Qc6
15. f5 Bd7 16. f6 Ng6 17. fxg7 Rxa8 18. Qf3 Be6 19. Rae1 Qc7 20. e5 Kxg7 21. h4
Rg8 22. Qg3 Kh7 23. Rf6 Ne7 24. Qf3 Qc6 25. Re4 Nd5 26. Rxf7+ Bxf7 27. Qxf7+
Rg7 0-1

[Event "Mercosur Cup 21st"]
[Site "Buenos Aires"]
[Date "2017.08.15"]
[Round "2"]
[White "Quintiliano Pinto, Renato Rodrigues"]
[Black "Rodriguez Vila, Andres"]
[Result "1/2-1/2"]
[WhiteElo "2469"]
[BlackElo "2483"]
[PlyCount "68"]
[EventDate "2017.08.14"]
[EventType "tourn"]
[EventRounds "9"]
[EventCountry "ARG"]
[EventCategory "7"]
[SourceTitle "CBM 180 Extra"]
[Source "ChessBase"]
[SourceDate "2017.10.06"]
[SourceVersion "1"]
[SourceVersionDate "2017.10.06"]
[SourceQuality "1"]

1. Nf3 g6 2. e4 c5 3. d4 cxd4 4. Nxd4 Nc6 5. c4 Bg7 6. Be3 Nh6 7. Nc3 O-O 8.
Be2 d6 9. h3 f5 10. Nxc6 bxc6 11. Qd2 Nf7 12. exf5 Bxf5 13. O-O Qd7 14. g4 Be6
15. Bd4 Ne5 16. f4 Nxc4 17. Bxc4 Bxc4 18. Bxg7 Bxf1 19. Bxf8 Bxh3 20. Kh2 Bxg4
21. Bh6 Rb8 22. Re1 Qf5 23. Bg5 Bf3 24. Rxe7 h6 25. Qxd6 Rxb2+ 26. Ne2 Rxe2+
27. Rxe2 Bxe2 28. Bxh6 Bf3 29. Qd2 Qh5+ 30. Kg3 Qg4+ 31. Kf2 Bd5 32. Bg5 Qf3+
33. Ke1 Kf7 34. Qd4 Qe4+ 1/2-1/2

[Event "Mercosur Cup 21st"]
[Site "Buenos Aires"]
[Date "2017.08.16"]
[Round "3"]
[White "Rodriguez Vila, Andres"]
[Black "Perez Gormaz, Matias Ariel"]
[Result "1-0"]
[WhiteElo "2483"]
[BlackElo "2398"]
[PlyCount "39"]
[EventDate "2017.08.14"]
[EventType "tourn"]
[EventRounds "9"]
[EventCountry "ARG"]
[EventCategory "7"]
[SourceTitle "CBM 180 Extra"]
[Source "ChessBase"]
[SourceDate "2017.10.06"]
[SourceVersion "1"]
[SourceVersionDate "2017.10.06"]
[SourceQuality "1"]

1. e4 e5 2. Nf3 Nc6 3. Bc4 Nf6 4. Ng5 d5 5. exd5 Na5 6. Bb5+ c6 7. dxc6 bxc6 8.
Bd3 Ng4 9. Ne4 f5 10. Be2 h5 11. h3 fxe4 12. hxg4 Bc5 13. b4 Qd4 14. bxc5 O-O
15. O-O Qxa1 16. Nc3 hxg4 17. Re1 g3 18. fxg3 Bf5 19. Bg4 Bh7 20. Qe2 1-0

[Event "Mercosur Cup 21st"]
[Site "Buenos Aires"]
[Date "2017.08.17"]
[Round "4"]
[White "Rodriguez Vila, Andres"]
[Black "Valerga, Diego"]
[Result "1/2-1/2"]
[WhiteElo "2483"]
[BlackElo "2451"]
[PlyCount "20"]
[EventDate "2017.08.14"]
[EventType "tourn"]
[EventRounds "9"]
[EventCountry "ARG"]
[EventCategory "7"]
[SourceTitle "CBM 180 Extra"]
[Source "ChessBase"]
[SourceDate "2017.10.06"]
[SourceVersion "1"]
[SourceVersionDate "2017.10.06"]
[SourceQuality "1"]

1. e4 e5 2. Nf3 Nf6 3. Nxe5 d6 4. Nf3 Nxe4 5. d3 Nf6 6. d4 d5 7. Bd3 Bd6 8. O-O
O-O 9. c3 c6 10. Re1 Bg4 1/2-1/2

[Event "Mercosur Cup 21st"]
[Site "Buenos Aires"]
[Date "2017.08.18"]
[Round "5"]
[White "Slipak, Sergio"]
[Black "Rodriguez Vila, Andres"]
[Result "1/2-1/2"]
[WhiteElo "2439"]
[BlackElo "2483"]
[PlyCount "21"]
[EventDate "2017.08.14"]
[EventType "tourn"]
[EventRounds "9"]
[EventCountry "ARG"]
[EventCategory "7"]
[SourceTitle "CBM 180 Extra"]
[Source "ChessBase"]
[SourceDate "2017.10.06"]
[SourceVersion "1"]
[SourceVersionDate "2017.10.06"]
[SourceQuality "1"]

1. e4 e5 2. Nf3 Nc6 3. Bb5 a6 4. Ba4 Nf6 5. O-O Be7 6. Re1 b5 7. Bb3 O-O 8. c3
Re8 9. Ng5 Rf8 10. Nf3 Re8 11. Ng5 1/2-1/2

[Event "Mercosur Cup 21st"]
[Site "Buenos Aires"]
[Date "2017.08.20"]
[Round "6"]
[White "Rodriguez Vila, Andres"]
[Black "Abarca Gonzalez, Nicolas"]
[Result "0-1"]
[WhiteElo "2483"]
[BlackElo "2378"]
[PlyCount "37"]
[EventDate "2017.08.14"]
[EventType "tourn"]
[EventRounds "9"]
[EventCountry "ARG"]
[EventCategory "7"]
[SourceTitle "CBM 180 Extra"]
[Source "ChessBase"]
[SourceDate "2017.10.06"]
[SourceVersion "1"]
[SourceVersionDate "2017.10.06"]
[SourceQuality "1"]

1. e4 c5 2. Nf3 d6 3. g3 Nf6 4. d3 Nc6 5. Bg2 g6 6. O-O Bg7 7. c3 O-O 8. Re1 e5
9. Nbd2 Re8 10. a4 h6 11. Nc4 Be6 12. Nfd2 d5 13. exd5 Bxd5 14. Bf1 Qc7 15. Ne4
Bxc4 16. Nxf6+ Bxf6 17. dxc4 Rad8 18. Qg4 Bg7 19. Bg2 0-1

[Event "Mercosur Cup 21st"]
[Site "Buenos Aires"]
[Date "2017.08.21"]
[Round "7"]
[White "Perez, Maximiliano"]
[Black "Rodriguez Vila, Andres"]
[Result "0-1"]
[WhiteElo "2385"]
[BlackElo "2483"]
[PlyCount "76"]
[EventDate "2017.08.14"]
[EventType "tourn"]
[EventRounds "9"]
[EventCountry "ARG"]
[EventCategory "7"]
[SourceTitle "CBM 180 Extra"]
[Source "ChessBase"]
[SourceDate "2017.10.06"]
[SourceVersion "1"]
[SourceVersionDate "2017.10.06"]
[SourceQuality "1"]

1. e4 e6 2. d4 d5 3. Nd2 c5 4. Ngf3 Nc6 5. exd5 exd5 6. Bb5 Bd6 7. dxc5 Bxc5 8.
Nb3 Bd6 9. O-O Nge7 10. Bg5 O-O 11. Bh4 Bg4 12. Bg3 Bxg3 13. hxg3 Qb6 14. Be2
Nf5 15. Kh2 Rfe8 16. Bd3 Rad8 17. Bxf5 Bxf5 18. Nfd4 Bg6 19. Nxc6 bxc6 20. Qd2
c5 21. c3 a5 22. Rad1 a4 23. Nc1 f6 24. Rfe1 Re5 25. b3 a3 26. Nd3 Rxe1 27.
Rxe1 c4 28. Nc1 d4 29. Rd1 d3 30. bxc4 Qc5 31. Re1 Qxc4 32. Nb3 Bf7 33. Ra1 Qb5
34. Nd4 Qb2 35. Rd1 Qxd2 36. Rxd2 Bc4 37. Nc6 Bxa2 38. Nxd8 Bb1 0-1

[Event "Mercosur Cup 21st"]
[Site "Buenos Aires"]
[Date "2017.08.22"]
[Round "8"]
[White "Rodriguez Vila, Andres"]
[Black "Villanueva, Mario Nicolas"]
[Result "0-1"]
[WhiteElo "2483"]
[BlackElo "2437"]
[PlyCount "86"]
[EventDate "2017.08.14"]
[EventType "tourn"]
[EventRounds "9"]
[EventCountry "ARG"]
[EventCategory "7"]
[SourceTitle "CBM 180 Extra"]
[Source "ChessBase"]
[SourceDate "2017.10.06"]
[SourceVersion "1"]
[SourceVersionDate "2017.10.06"]
[SourceQuality "1"]

1. e4 e5 2. Nf3 Nf6 3. Nxe5 d6 4. Nc4 Nxe4 5. d4 d5 6. Ne3 Qf6 7. Qe2 Be6 8.
Nd2 Qxd4 9. c3 Qa4 10. f4 f5 11. c4 c6 12. g4 fxg4 13. Bg2 Nd7 14. O-O Ndf6 15.
f5 Bf7 16. Nxe4 dxe4 17. b3 Qa5 18. Bb2 O-O-O 19. a3 Qd2 20. Qxd2 Rxd2 21. Bc1
Rd3 22. b4 Bd6 23. Re1 Be5 24. Rb1 g3 25. hxg3 Bxg3 26. Re2 Rhd8 27. Bf1 Bf4
28. Re1 Rc3 29. c5 Ba2 30. Ra1 Bb3 31. Ng2 Bxc1 32. Raxc1 Rxc1 33. Rxc1 Rd2 34.
Rc3 Bd1 35. Nf4 Bg4 36. Bh3 Bxh3 37. Rxh3 Nd5 38. Nxd5 cxd5 39. Rxh7 e3 40. Kf1
d4 41. Rxg7 d3 42. Rg8+ Kd7 43. Rg7+ Kc6 0-1